000 00641nam a22002177a 4500
003 UA-OsUOA
001 122331
007 ta
008 20170424b un ||||| |||| 00| 0 ukr d
100 _aЄфименко Т.І.
090 _a330(477)
_bЕ99
942 _cSA
040 _aUA-OsUOA
_bukr
_cUA-OsUOA
_dUA-OsUOA
245 _aКонцептуальні засади подальшого розвитку системи управління державними фінансами
300 _aС.3-20
955 _a0
041 _aukr
080 _a330(477)
773 0 _w122321
650 7 _a330 Економіка взагалі
_2UDC
999 _c408623
_d408623